Welcome to CU Library Online Public Access Catalogue (OPAC)

Financial Reporting Analysis and Planning/ (Record no. 2813)

MARC details
000 -LEADER
fixed length control field 00679nam a22002177a 4500
005 - DATE AND TIME OF LATEST TRANSACTION
control field 20250122144514.0
008 - FIXED-LENGTH DATA ELEMENTS--GENERAL INFORMATION
fixed length control field 250122b |||||||| |||| 00| 0 eng d
020 ## - INTERNATIONAL STANDARD BOOK NUMBER
International Standard Book Number 9780852975329
050 ## - LIBRARY OF CONGRESS CALL NUMBER
Classification number HF5686
Item number .C7 FIN
100 ## - MAIN ENTRY--PERSONAL NAME
Personal name Bishop Mary
245 ## - TITLE STATEMENT
Title Financial Reporting Analysis and Planning/
Statement of responsibility, etc. Mary Bishop, Jonathan Evans, Mervyn Hughes & Margaret M. Woods
250 ## - EDITION STATEMENT
Edition statement 2nd Ed.
260 ## - PUBLICATION, DISTRIBUTION, ETC.
Place of publication, distribution, etc. Canterbury
Name of publisher, distributor, etc. Chartered Institute of Bankers
Date of publication, distribution, etc. 1999
300 ## - PHYSICAL DESCRIPTION
Extent 444p.
Other physical details ill.
Dimensions 29 cm x 21 cm
500 ## - GENERAL NOTE
General note Includes Index
650 ## - SUBJECT ADDED ENTRY--TOPICAL TERM
Source of heading or term Financial Reporting
700 ## - ADDED ENTRY--PERSONAL NAME
Personal name Evans Jonathan
700 ## - ADDED ENTRY--PERSONAL NAME
Personal name Hughes Mervyn
700 ## - ADDED ENTRY--PERSONAL NAME
Personal name Woods Margaret M.
942 ## - ADDED ENTRY ELEMENTS (KOHA)
Source of classification or shelving scheme Library of Congress Classification
Koha item type Books
Edition 2nd Ed.
Suppress in OPAC No
999 ## -
-- 2813
-- 2813
Holdings
Withdrawn status Lost status Source of classification or shelving scheme Damaged status Not for loan Collection Home library Current library Shelving location Date acquired Total checkouts Full call number Barcode Date last seen Copy number Price effective from Koha item type
    Library of Congress Classification     Non-fiction Business Library (Miotso) Business Library (Miotso) General stacks 01/22/2025   HF5686 .C7 FIN BSSM00000529 01/22/2025 1 01/22/2025 Books
    Library of Congress Classification     Non-fiction Undergraduate Library (Christ Temple) Undergraduate Library (Christ Temple) General stacks 02/21/2025   HF5686.C7 FIN ulct00001314 02/21/2025 1 02/21/2025 Books
    Library of Congress Classification     Non-fiction Undergraduate Library (Christ Temple) Undergraduate Library (Christ Temple) General stacks 02/21/2025   HF5686.C7 FIN ulct00001315 02/21/2025 2 02/21/2025 Books
© 2023-2024 Copyright: Central University Libraries. All Rights Reserved | Created by: Mahone Tech Office